Countries in Triangles of the World Map - Statistics

General Stats
  • This quiz has been taken 5,381 times
  • The average score is 166 of 175
Answers on the Map
Answers color-coded by a green-red scale on the quiz's map according to % correct below.
 
Answer Stats
Countries % Correct
Antigua and Barbuda | Barbados | Brazil | Dominica | Dominican Republic | France | Grenada | Guyana | Haiti | Netherlands | Saint Kitts and Nevis | Saint Lucia | Saint Vincent and the Grenadines | Trinidad and Tobago | United States | Venezuela
100%
Afghanistan | China | India | Kazakhstan | Kyrgyzstan | Pakistan | Tajikistan
99%
Armenia | Azerbaijan | Georgia | Iran | Iraq | Kazakhstan | Russia | Syria | Turkey | Ukraine
99%
Austria | Belarus | Belgium | Czech Republic | Denmark | France | Germany | Hungary | Latvia | Lithuania | Luxembourg | Moldova | Poland | Romania | Russia | Slovakia | Sweden | Ukraine
99%
Bahamas | Cuba | United States
99%
Bahamas | Dominican Republic | Haiti | United States
99%
Bangladesh | Bhutan | China | India | Laos | Myanmar | Thailand | Vietnam
99%
Bangladesh | Bhutan | China | India | Nepal | Pakistan
99%
Belarus | Estonia | Finland | Latvia | Lithuania | Russia | Sweden | Ukraine
99%
Belgium | Denmark | France | Germany | Luxembourg | Netherlands | Norway | Sweden | United Kingdom
99%
Belize | Cuba | Jamaica | Mexico | United States
99%
Brazil | France | Guyana | Suriname
99%
Brazil | France | Guyana | Suriname | Venezuela
99%
Bulgaria | Cyprus | Greece | Iraq | Israel | Jordan | Lebanon | Moldova | Romania | Russia | Syria | Turkey | Ukraine
99%
Canada | United States
99%
China | Kazakhstan | Mongolia | Russia
99%
China | Mongolia | North Korea | Russia | South Korea
99%
China | Mongolia | Russia
99%
Finland | Norway | Russia | Sweden
99%
Japan | Russia
99%
Japan | Russia | South Korea
99%
Kazakhstan | Russia
99%
Kazakhstan | Russia | Ukraine
99%
Mexico | United States
99%
Mongolia | Russia
99%
Russia
99%
United States
99%
Afghanistan | China | Kazakhstan | Kyrgyzstan | Pakistan | Tajikistan | Uzbekistan
98%
Algeria | Andorra | France | Italy | Malta | Monaco | Morocco | Spain | Tunisia
98%
Algeria | Chad | Egypt | Libya | Niger | Sudan
98%
Argentina | Bolivia | Brazil | Chile | Paraguay | Peru
98%
Argentina | Brazil | Paraguay
98%
Argentina | Brazil | Paraguay | Uruguay
98%
Argentina | Chile | United Kingdom
98%
Australia | East Timor | Indonesia
98%
Australia | France | Solomon Islands | Vanuatu
98%
Australia | Indonesia | Papua New Guinea | Solomon Islands
98%
Bolivia | Brazil | Peru
98%
Brazil
98%
Brazil | Colombia | Costa Rica | Panama | Venezuela
98%
Brazil | Colombia | Ecuador | Peru | Venezuela
98%
Canada
98%
Canada | Denmark
98%
China
98%
China | Kazakhstan | Mongolia
98%
China | Mongolia
98%
China | Philippines | Taiwan
98%
India | Indonesia | Maldives | Sri Lanka
98%
India | Maldives
98%
India | Pakistan
98%
Albania | Austria | Bosnia and Herzegovina | Bulgaria | Croatia | France | Germany | Greece | Hungary | Italy | Kosovo | Liechtenstein | Malta | Moldova | Montenegro | North Macedonia | Romania | San Marino | Serbia | Slovakia | Slovenia | Switzerland | Ukraine | Vatican City
97%
Algeria | Libya | Mali | Mauritania | Morocco | Niger | Tunisia
97%
Argentina | Bolivia | Chile | Peru
97%
Argentina | Chile
97%
Argentina | Chile | Uruguay
97%
Australia
97%
Australia | Solomon Islands
97%
Bahrain | Egypt | Iraq | Kuwait | Oman | Qatar | Saudi Arabia | Sudan | United Arab Emirates | Yemen
97%
Belize | Costa Rica | El Salvador | Guatemala | Honduras | Jamaica | Mexico | Nicaragua
97%
Botswana | Democratic Republic of the Congo | Eswatini | Malawi | Mozambique | Namibia | South Africa | Zambia | Zimbabwe
97%
Cameroon | Central African Republic | Chad | Niger | Nigeria | Republic of the Congo | Sudan
97%
Comoros | France | Madagascar | Malawi | Mozambique | Tanzania | Zambia
97%
Egypt | Iraq | Israel | Jordan | Lebanon | Libya | Saudi Arabia | Sudan | Syria
97%
France | Ireland | United Kingdom
97%
France | Portugal | Spain
97%
Afghanistan | Bahrain | Iran | Iraq | Kuwait | Oman | Pakistan | Qatar | Saudi Arabia | United Arab Emirates
96%
Benin | Burkina Faso | Cameroon | Central African Republic | Equatorial Guinea | Ghana | Ivory Coast | Liberia | Mali | Niger | Nigeria | Republic of the Congo | Togo
96%
Botswana | Eswatini | Lesotho | Mozambique | Namibia | South Africa
96%
Brunei | Cambodia | Indonesia | Malaysia | Philippines | Thailand | Vietnam
96%
Central African Republic | Democratic Republic of the Congo | Ethiopia | Kenya | Republic of the Congo | Somalia | South Sudan | Sudan | Uganda
96%
Denmark | Iceland
96%
Djibouti | Eritrea | Ethiopia | Oman | Saudi Arabia | Somalia | Sudan | Yemen
96%
France | Madagascar | Mauritius
96%
Namibia | South Africa
96%
Algeria | Mali | Mauritania | Morocco
95%
Burkina Faso | Gambia | Ghana | Guinea | Guinea-Bissau | Ivory Coast | Liberia | Mali | Mauritania | Niger | Senegal | Sierra Leone
95%
Burundi | Democratic Republic of the Congo | Kenya | Republic of the Congo | Rwanda | Somalia | Tanzania | Uganda | Zambia
95%
Cambodia | Indonesia | Laos | Malaysia | Myanmar | Thailand | Vietnam
95%
Afghanistan | Iran | Iraq | Kazakhstan | Pakistan | Turkmenistan | Uzbekistan
94%
Denmark
94%
Finland | Norway | Sweden
94%
Indonesia | Malaysia | Singapore
94%
Norway | Sweden
94%
Angola | Botswana | Democratic Republic of the Congo | Namibia | Zambia
93%
Angola | Democratic Republic of the Congo | Gabon | Republic of the Congo | Zambia
93%
Indonesia | Papua New Guinea
93%
New Zealand
93%
Comoros | Kenya | Malawi | Mozambique | Somalia | Tanzania | Zambia
92%
Indonesia | Maldives
92%
Indonesia
91%
Portugal | Spain
89%
Cameroon | Equatorial Guinea | Gabon | Republic of the Congo | São Tomé and Príncipe
88%
Mexico
88%
Philippines
88%
Somalia | Yemen
88%
Seychelles | Somalia
87%
Ecuador | Peru
86%
Fiji | Samoa | Solomon Islands | Tuvalu | Vanuatu
86%
Japan
84%
Kiribati | Solomon Islands | Tuvalu
84%
United Kingdom
84%
Kiribati | Nauru | Solomon Islands
83%
Peru
82%
Federated States of Micronesia | Marshall Islands
81%
Federated States of Micronesia | Palau
79%
Kiribati
77%
Cape Verde
74%
Namibia
74%
Federated States of Micronesia
73%
Samoa | Tonga
72%
Marshall Islands
69%
Portugal
69%
No matching quizzes found
Score Distribution
Percent of People with Each Score
Percentile by Number Answered
Your Score History
You have not taken this quiz